书目信息 |
| 题名: |
全球视野下的沈从文
|
|
| 作者: | 周刚 , 陈思和, , 张新颖, 主编 | |
| 分册: | ||
| 出版信息: | 上海 上海交通大学出版社 2017.05 |
|
| 页数: | 312页 | |
| 开本: | 24cm | |
| 丛书名: | 全球视野下的中国文学系列 | |
| 单 册: | ||
| 中图分类: | I206.7 | |
| 科图分类: | ||
| 主题词: | 文学研究--wen xue yan jiu--中国--现代 | |
| 电子资源: | ||
| ISBN: | 978-7-313-16787-3 | |
| 000 | 01508nam 2200337 450 | |
| 001 | 2369623441 | |
| 005 | 20231109172604.95 | |
| 010 | @a978-7-313-16787-3@dCNY68.00 | |
| 092 | @aCN@b三新SK1169-0652 | |
| 100 | @a20170711d2017 em y0chiy50 ea | |
| 101 | 0 | @achi |
| 102 | @aCN@b310000 | |
| 105 | @ay a 000yy | |
| 200 | 1 | @a全球视野下的沈从文@Aquan qiu shi ye xia de shen cong wen@d= Routledge companion to Shen Congwen@f主编周刚, 陈思和, 张新颖@zeng |
| 210 | @a上海@c上海交通大学出版社@d2017.05 | |
| 215 | @a312页@d24cm | |
| 225 | 2 | @a全球视野下的中国文学系列@Aquan qiu shi ye xia de zhong guo wen xue xi lie |
| 300 | @a本书由上海文化发展基金会图书出版专项基金资助出版 | |
| 314 | @a周刚, 美国路易斯安那州立大学外国语言文学系副教授。陈思和, 1954年生于上海, 原籍广东番禹, 复旦大学特聘教授, 博士生导师, 现任复旦大学图书馆馆长。张新颖, 1967年生于山东, 复旦大学中文系教授, 教育部长江学者特聘教授。 | |
| 320 | @a有书目 | |
| 330 | @a本书分成四部分: 第一部分为沈从文小传; 第二部分为沈从文研究综述; 第三部分为沈从文研究国内篇; 第四部分为沈从文研究海外篇。 | |
| 410 | 0 | @12001 @a全球视野下的中国文学系列 |
| 510 | 1 | @aRoutledge companion to Shen Congwen@zeng |
| 600 | 0 | @a沈从文,@Ashen cong wen@f1902-1988@x文学研究 |
| 606 | 0 | @a文学研究@Awen xue yan jiu@y中国@z现代 |
| 690 | @aI206.7@v5 | |
| 701 | 0 | @a周刚@Azhou gang@4主编 |
| 701 | 0 | @a陈思和,@Achen si he@f1954-@4主编 |
| 701 | 0 | @a张新颖,@Azhang xin ying@f1967-@4主编 |
| 801 | 0 | @aCN@b山东中教@c20230926 |
| 905 | @aBZT@dI206.7@e65 | |
| 全球视野下的沈从文= Routledge companion to Shen Congwen/主编周刚, 陈思和, 张新颖.-上海:上海交通大学出版社,2017.05 |
| 312页;24cm.-(全球视野下的中国文学系列) |
| 本书由上海文化发展基金会图书出版专项基金资助出版 |
| ISBN 978-7-313-16787-3:CNY68.00 |
| 本书分成四部分: 第一部分为沈从文小传; 第二部分为沈从文研究综述; 第三部分为沈从文研究国内篇; 第四部分为沈从文研究海外篇。 |
| ● |
| 相关链接 |
|
|
|
正题名:全球视野下的沈从文
索取号:I206.7/65
 
预约/预借
| 序号 | 登录号 | 条形码 | 馆藏地/架位号 | 状态 | 备注 |
| 1 | 2000967081 | 2000967081 | 第四书库/四10架B面6层2列/ [索取号:I206.7/65] | 在馆 | |
| 2 | 2000967082 | 2000967082 | 第四书库/四10架B面6层2列/ [索取号:I206.7/65] | 在馆 | |
| 3 | 2000967083 | 2000967083 | 第四书库/四10架B面6层2列/ [索取号:I206.7/65] | 在馆 | |
| 4 | 2000967084 | 2000967084 | 第四书库/四10架B面6层2列/ [索取号:I206.7/65] | 在馆 | |
| 5 | 2000967085 | 2000967085 | 第四书库/四10架B面6层2列/ [索取号:I206.7/65] | 在馆 | |
| 6 | 2000967086 | 2000967086 | 第四书库/四10架B面6层2列/ [索取号:I206.7/65] | 在馆 |